| 000 | 00604nam a2200217 u 4500 | ||
|---|---|---|---|
| 005 | 20240228063937.0 | ||
| 008 | 080613s2006 ag r 000 0 spa d | ||
| 020 | _a987901183X (10 dígitos) | ||
| 020 | _a9789879011836 (13 dígitos) | ||
| 035 | _aUPN01000156884 | ||
| 049 | _aI | ||
| 050 | 4 |
_aPZ71 _bI8.32 |
|
| 100 | 0 |
_aIstvansh, _d1968- _932497 |
|
| 245 | 1 | 1 |
_a¿Has visto? / _cIstvansch. |
| 260 |
_aBuenos Aires : _bDel Eclipse, _c2006. |
||
| 300 | _a[14] p. | ||
| 440 | 0 | _aPequeños del eclipse | |
| 650 | 4 |
_aLibros y lectura para niños _92290 |
|
| 650 | 4 |
_aCOLORES _96786 |
|
| 905 | _aInfantil | ||
| 999 |
_c128998 _d128998 |
||